000
00220nam a22000857a 4500
008
160712b xxu||||| |||| 00| 0 eng d
100
_9
2656
_a
Oursler, F
245
_a
Lights Along the Shore
260
_a
N.Y
_b
Perma Books
_c
1956
999
_c
2309
_d
2309